Т. 6; Избранные труды; На горной разведке в старое время; Отечественные и зарубежные ученые (очерки и биографии); Исследователи Сибири (краткие биографии); Переписка В. А. Обручева; Печатные труды В. А. Обручева; Материалы В. А. Обручева, находящиеся в архивах

書誌詳細
Parent link:Избранные труды: в 6 т./ В. А. Обручев. Т. 6.— , 1958-1964
言語:ロシア語
出版事項: 1964
TOC:На горной разведке в старое время;
Отечественные и зарубежные ученые (очерки и биографии);
Исследователи Сибири (краткие биографии);
Переписка В. А. Обручева;
Печатные труды В. А. Обручева;
Материалы В. А. Обручева, находящиеся в архивах;
主題:
フォーマット: MixedMaterials 図書
KOHA link:https://koha.lib.tpu.ru/cgi-bin/koha/opac-detail.pl?biblionumber=112387

MARC

LEADER 00000nam2a2200000 4500
001 112387
005 20251224174241.0
035 |a (RuTPU)RU\TPU\book\121509 
090 |a 112387 
100 |a 20070327d1964 m y0rusy50 ca 
101 0 |a rus 
102 |a RU 
105 |a ac z 001zy 
200 0 |a Т. 6 
210 |d 1964 
215 |a 514 с.  |c ил. 
320 |a Важнейшие даты творческой и научной деятельности В. А. Обручева: с. 489-494 
320 |a Увековечение памяти В. А. Обручева: с. 495-497 
320 |a Именной указатель: с. 498-510 
461 1 |0 (RuTPU)RU\TPU\book\123535  |t Избранные труды  |o в 6 т.  |f В. А. Обручев  |v Т. 6  |d 1958-1964 
464 |t На горной разведке в старое время 
464 |t Отечественные и зарубежные ученые (очерки и биографии) 
464 |t Исследователи Сибири (краткие биографии) 
464 |t Переписка В. А. Обручева 
464 |t Печатные труды В. А. Обручева 
464 |t Материалы В. А. Обручева, находящиеся в архивах 
606 |a Геология  |9 34054 
610 1 |a Сибирь 
610 1 |a воспоминания 
610 1 |a исследователи 
610 1 |a переписка 
610 1 |a коллекция В. А. Обручева 
675 |a 55  |v 3 
801 1 |a RU  |b 63413507  |c 20070327  |g PSBO 
801 2 |a RU  |b 63413507  |c 20181206  |g PSBO 
942 |c BK